Las exposiciones temporales, el reto diario de los especialistas del Museo Franz Mayer. (Record no. 1821)
[ view plain ]
| 000 -CABECERA | |
|---|---|
| campo de control de longitud fija | 00754nam a2200193 a 4500 |
| 001 - NÚMERO DE CONTROL | |
| campo de control | BRCA_2057 |
| 005 - FECHA Y HORA DE LA ÚLTIMA TRANSACCIÓN | |
| campo de control | 20190320203643.0 |
| 008 - DATOS DE LONGITUD FIJA--INFORMACIÓN GENERAL | |
| campo de control de longitud fija | 060808s2000----mx-a---###---#000-0#spa-# |
| 050 #4 - SIGNATURA TOPOGRÁFICA DE LA BIBLIOTECA DEL CONGRESO | |
| Número de clasificación | N910.M42 |
| Número de documento/Ítem | .P53 2000 |
| 100 1# - ENTRADA PRINCIPAL--NOMBRE DE PERSONA | |
| Nombre de persona | Piazze Santiago, Laura Cecilia |
| 9 (RLIN) | 6273 |
| 245 10 - MENCIÓN DE TÍTULO | |
| Título | Las exposiciones temporales, el reto diario de los especialistas del Museo Franz Mayer. |
| 260 ## - PUBLICACIÓN, DISTRIBUCIÓN, ETC. | |
| Lugar de publicación, distribución, etc. | Ciudad de México |
| Fecha de publicación, distribución, etc. | 2000 |
| 300 ## - DESCRIPCIÓN FÍSICA | |
| Extensión | 243 p. |
| Otras características físicas | il. |
| 502 ## - NOTA DE TESIS | |
| Nota de tesis | Tesis Maestría (Maestra en Museología) Escuela Nacional de Conservación, Restauración y Museografía ´Manuel del Castillo Negrete´ |
| 610 24 - PUNTO DE ACCESO ADICIONAL DE MATERIA--NOMBRE DE ENTIDAD CORPORATIVA | |
| Nombre de entidad corporativa o nombre de jurisdicción como elemento de entrada | Museo Franz Mayer (Ciudad de México) |
| Subdivisión de forma | Exposiciones temporales |
| 9 (RLIN) | 6274 |
| 700 1# - PUNTO DE ACCESO ADICIONAL--NOMBRE DE PERSONA | |
| Nombre de persona | Vázquez Olvera, Carlos |
| Término indicativo de función/relación | asesor |
| 9 (RLIN) | 577 |
| 902 ## - CATALOGADOR | |
| Iniciales | TES |
| 942 ## - ELEMENTOS DE PUNTO DE ACCESO ADICIONAL (KOHA) | |
| Fuente del sistema de clasificación o colocación | Library of Congress Classification |
| Tipo de ítem Koha | Tesis |
| Estado de retiro | Estado de pérdida | Estado dañado | No para préstamo | Localización permanente | Ubicación/localización actual | Fecha de adquisición | Total de préstamos | Signatura topográfica completa | Código de barras | Fecha visto por última vez | Precio válido a partir de | Tipo de ítem Koha |
|---|---|---|---|---|---|---|---|---|---|---|---|---|
| El ejemplar forma parte de la colección y puede ser consultado según las políticas vigentes. | Biblioteca del Museo Franz Mayer (Rogerio Casas-Alatriste) | Biblioteca del Museo Franz Mayer (Rogerio Casas-Alatriste) | 06/08/2008 | N910.M42 .P53 2000 | TES00007 | 22/03/2019 | 22/03/2019 | Tesis |